Over 400 beauty solutions from tip to toe / (Record no. 132017)

MARC details
000 -LEADER
fixed length control field 00657nam a22002177a 4500
005 - DATE AND TIME OF LATEST TRANSACTION
control field 20170124110146.0
010 ## - LIBRARY OF CONGRESS CONTROL NUMBER
LC control number B-042738
020 ## - INTERNATIONAL STANDARD BOOK NUMBER
Terms of availability 00.00
International Standard Book Number 8122306276
035 ## - SYSTEM CONTROL NUMBER
System control number B-042738
037 ## - SOURCE OF ACQUISITION
Source of stock number/acquisition Cen Lib/Ret
040 ## - CATALOGING SOURCE
Original cataloging agency DPL
Language of cataloging EN
082 ## - DEWEY DECIMAL CLASSIFICATION NUMBER
Classification number 646.7042
Item number POD
100 ## - MAIN ENTRY--PERSONAL NAME
Personal name Podder, Tanushree
9 (RLIN) 33478
245 ## - TITLE STATEMENT
Title Over 400 beauty solutions from tip to toe /
Statement of responsibility, etc by Tanushree Podder
260 ## - PUBLICATION, DISTRIBUTION, ETC. (IMPRINT)
Name of publisher, distributor, etc Pustak Mahal
Place of publication, distribution, etc Delhi
Date of publication, distribution, etc 2000
270 ## - ADDRESS
Address 6686, Khari Baoli
City Delhi
Postal code 110006
300 ## - PHYSICAL DESCRIPTION
Extent 152p. :
Dimensions 23cm(Hb)
Other physical details ill.
650 ## - SUBJECT ADDED ENTRY--TOPICAL TERM
Topical term or geographic name as entry element Beauty tips for women
9 (RLIN) 33479
650 ## - SUBJECT ADDED ENTRY--TOPICAL TERM
Topical term or geographic name as entry element Herbal beauty solutions
9 (RLIN) 33480
942 ## - ADDED ENTRY ELEMENTS (KOHA)
Source of classification or shelving scheme Dewey Decimal Classification
Koha item type English Books
Classification part 646.7042
Call number suffix POD
Holdings
Withdrawn status Lost status Damaged status Not for loan Home library Current library Date acquired Source of acquisition Cost, normal purchase price Total Checkouts Full call number Barcode Date last seen Copy number Cost, replacement price Price effective from Koha item type
        Central Library Central Library 16/07/2015 Cen Lib/Ret 0.00   646.7042 POD B-042738 16/07/2015 1 0.00 16/07/2015 English Books

© Delhi Public Library
Hit Counter
free hit counter